000 00462nam a22001697a 4500
003 NUST - PNEC
005 20170116180858.0
008 150831b xxu||||| |||| 00| 0 eng d
020 _a0070540241
040 _cLIBRARY
082 _a621.815 ROT
100 _96117
_aRothbart, Harold A.
245 _aMechanical engineering essentials reference guide
_cHarold A. Rothbart
260 _cc.1988
650 _96118
_aMechanical engineering
_xME
942 _2ddc
_cBK
999 _c64864
_d64864